| Tag |
First Indicator |
Second Indicator |
Subfields |
| LEADER |
00000cam a22000008i 4500 |
| 001 |
in00004779781 |
| 008 |
190722t20192013ilu d 000 1 eng |
| 005 |
20240228190613.6 |
| 010 |
|
|
|a 2019031112
|
| 035 |
|
|
|a (OCoLC)on1110142950
|
| 040 |
|
|
|a DLC
|e rda
|c DLC
|d TXA
|
| 020 |
|
|
|a 9781728205489
|q (trade paperback)
|
| 020 |
|
|
|a 9781713710011
|q (FollettBound)
|
| 020 |
|
|
|a 1713710013
|q (FollettBound)
|
| 020 |
|
|
|a 1728205484
|
| 035 |
|
|
|a (OCoLC)1110142950
|
| 050 |
0 |
0 |
|a PZ7.N952
|b If 2019
|
| 082 |
0 |
0 |
|a [Fic]
|2 23
|
| 090 |
|
|
|a PS3612.O95
|b I42 2019
|
| 100 |
1 |
|
|a Nowlin, Laura,
|e author.
|
| 245 |
1 |
0 |
|a If he had been with me /
|c Laura Nowlin.
|
| 264 |
|
1 |
|a Naperville, Illinois :
|b Sourcebooks Fire,
|c [2019].
|
| 264 |
|
4 |
|c ©2013.
|
| 300 |
|
|
|a 389 pages ;
|c 21 cm.
|
| 336 |
|
|
|a text
|b txt
|2 rdacontent
|
| 337 |
|
|
|a unmediated
|b n
|2 rdamedia
|
| 338 |
|
|
|a volume
|b nc
|2 rdacarrier
|
| 520 |
|
|
|a A love story spanning the history of two teenagers' lives and all the moments when if one little thing had been different, their futures would have been together instead of apart.
|
| 650 |
|
0 |
|a Teenagers
|v Fiction.
|
| 650 |
|
0 |
|a Friendship
|v Fiction.
|
| 650 |
|
0 |
|a Love
|v Fiction.
|
| 650 |
|
0 |
|a Man-woman relationships
|v Fiction.
|
| 650 |
|
0 |
|a Romance fiction.
|
| 650 |
|
1 |
|a Friendship
|v Fiction.
|
| 650 |
|
1 |
|a Love
|v Fiction.
|
| 948 |
|
|
|h NO HOLDINGS IN TXA - 585 OTHER HOLDINGS
|
| 994 |
|
|
|a Z0
|b TXA
|
| 999 |
f |
f |
|s 813eb56d-9465-4230-9886-fbc6ab1c44f5
|i 9c86e21d-4c15-4f56-8d2d-c0938bf57551
|t 0
|
| 952 |
f |
f |
|p normal
|a Texas A&M University
|b College Station
|c Sterling C. Evans Library
|s Evans stk
|d Evans: Library Stacks
|t 0
|e PS3612.O95 I42 2019
|h Library of Congress classification
|i unmediated -- volume
|m A14852575027
|
| 998 |
f |
f |
|a PS3612.O95 I42 2019
|t 0
|l Evans: Library Stacks
|